Tensor based dynamical systems: Theory and applications (Record no. 754996)

MARC details
000 -LEADER
fixed length control field 00452nam a22001577a 4500
020 ## - INTERNATIONAL STANDARD BOOK NUMBER
ISBN 9783031545047
100 ## - MAIN ENTRY--AUTHOR NAME
Personal name Chen, Can
245 ## - TITLE STATEMENT
Title Tensor based dynamical systems: Theory and applications
260 ## - PUBLICATION, DISTRIBUTION, ETC. (IMPRINT)
Place of publication Switzerland
Name of publisher Springer
Year of publication 2024
300 ## - PHYSICAL DESCRIPTION
Number of Pages xv+106
490 ## - SERIES STATEMENT
Series statement Synthesis lectures on mathematics & statistics
650 ## - SUBJECT ADDED ENTRY--TOPICAL TERM
Topical Term Tensor algebra
650 ## - SUBJECT ADDED ENTRY--TOPICAL TERM
Topical Term Tensor eigenvalues
942 ## - ADDED ENTRY ELEMENTS (KOHA)
Source of classification or shelving scheme Dewey Decimal Classification
Koha item type Book
Holdings
Withdrawn status Lost status Source of classification or shelving scheme Damaged status Not for loan Collection code Home Library Current Location Shelving location Date acquired Source of acquisition Cost, normal purchase price Full call number Accession Number Price effective from Koha item type
    Dewey Decimal Classification     Gift or donation Dept. of Mathematics Dept. of Mathematics Gift 08/01/2026 Donated by Dr. Krishna Kumar G on the completion of SERB sponsored project (UO. No: Ad.F1/1373/2021 dated 22/01/2024) 7455.07 515.63 CHE-T MATG238 12/01/2026 Book